Energy review / (Record no. 938136)

MARC details
000 -LEADER
fixed length control field 01790nam a2200421 a 4500
001 - CONTROL NUMBER
control field vtls001489021
003 - CONTROL NUMBER IDENTIFIER
control field NLI
005 - DATE AND TIME OF LATEST TRANSACTION
control field 20210627133434.0
008 - FIXED-LENGTH DATA ELEMENTS--GENERAL INFORMATION
fixed length control field 121207s1981 dcu s f000 0 eng
039 #9 - LEVEL OF BIBLIOGRAPHIC CONTROL AND CODING DETAIL [OBSOLETE]
-- 201212071821
-- VLOAD
040 ## - CATALOGING SOURCE
Original cataloging agency NLI
Language of cataloging eng
Transcribing agency Datasoft_FOD
Description conventions AACR2
041 0# - LANGUAGE CODE
Language code of text/sound track or separate title eng
044 ## - COUNTRY OF PUBLISHING/PRODUCING ENTITY CODE
MARC country code dcu
082 04 - DEWEY DECIMAL CLASSIFICATION NUMBER
Classification number 333.79110973021
110 1# - MAIN ENTRY--CORPORATE NAME
Corporate name or jurisdiction name as entry element United States.
Subordinate unit Department of Energy
9 (RLIN) 706810
245 10 - TITLE STATEMENT
Title Energy review /
Statement of responsibility, etc. United States Department of Energy
260 ## - PUBLICATION, DISTRIBUTION, ETC.
Place of publication, distribution, etc. Washington, D.C. :
Name of publisher, distributor, etc. The Department,
Date of publication, distribution, etc. 1981
300 ## - PHYSICAL DESCRIPTION
Extent 101 p. ;
Dimensions 27 cm.
500 ## - GENERAL NOTE
General note DOE/EIA-0035. 81/10
500 ## - GENERAL NOTE
General note Issues for -Feb. 1979 issued as CRN, DAR; issues prior to Oct. 1979 available from: National Technical Information Service, 5285 Port Royal Rd., Springfield, Va., 22161
500 ## - GENERAL NOTE
General note Description based on: Jan. 1979
500 ## - GENERAL NOTE
General note Latest issue consulted: Mar. 2006
500 ## - GENERAL NOTE
General note Format no longer distributed to depository libraries after Jan. 2001
500 ## - GENERAL NOTE
General note Energy information administration
650 #0 - SUBJECT ADDED ENTRY--TOPICAL TERM
Topical term or geographic name entry element Energy resources
Geographic subdivision United States
Form subdivision Statistics
9 (RLIN) 922440
650 #0 - SUBJECT ADDED ENTRY--TOPICAL TERM
Topical term or geographic name entry element Power resources
Geographic subdivision United States
Form subdivision Statistics
9 (RLIN) 706148
710 1# - ADDED ENTRY--CORPORATE NAME
Corporate name or jurisdiction name as entry element United States.
Subordinate unit Office of Energy Information and Analysis
9 (RLIN) 706146
710 1# - ADDED ENTRY--CORPORATE NAME
Corporate name or jurisdiction name as entry element United States.
Subordinate unit Energy Information Administration
9 (RLIN) 706149
710 1# - ADDED ENTRY--CORPORATE NAME
Corporate name or jurisdiction name as entry element United States.
Subordinate unit Energy Information Administration.
-- Office of Energy Data
710 1# - ADDED ENTRY--CORPORATE NAME
Corporate name or jurisdiction name as entry element United States.
Subordinate unit Energy Information Administration.
-- Office of Energy Data Operations
9 (RLIN) 706061
710 1# - ADDED ENTRY--CORPORATE NAME
Corporate name or jurisdiction name as entry element United States.
Subordinate unit Office of Energy Markets and End Use
9 (RLIN) 706151
887 ## - NON-MARC INFORMATION FIELD
Content of non-MARC field
901 ## - LOCAL DATA ELEMENT A, LDA (RLIN)
a AD 160157
b 16.10.2010
902 ## - LOCAL DATA ELEMENT B, LDB (RLIN)
a U.S 333.79110973021 Un 3
904 ## - LOCAL DATA ELEMENT D, LDD (RLIN)
l F 7351
949 ## - LOCAL PROCESSING INFORMATION (OCLC)
-- VIRTUAITEM
-- 10002
-- 100
6 FOD000160157ENG
942 ## - ADDED ENTRY ELEMENTS (KOHA)
Source of classification or shelving scheme Dewey Decimal Classification
Koha item type Books
Holdings
Withdrawn status Lost status Damaged status Not for loan Collection code Home library Current library Shelving location Date acquired Total Checkouts Full call number Barcode Date last seen Price effective from Koha item type
          National Library of India National Library of India       U.S 333.79110973021 Un 3 FOD000160157ENG 27/06/2021 27/06/2021 Books
                                                                           
web counter

Copyright ©2020 The National Library of India, Govt. of India ↔ Hosted by NVLI, MOC ↔ Technology and Design by National Library of India, Ministry of Culture, Govt. of India